[Event "Pardubice Test"]
[Site "Pardubice"]
[Date "2020.07.28"]
[Round "1.1"]
[White "Stocek, Jiri"]
[Black "Worek, Joanna"]
[Result "1-0"]
[WhiteElo "2595"]
[BlackElo "2326"]
[PlyCount "121"]
[EventDate "2020.07.28"]
[EventType "team-schev"]
[EventRounds "4"]
[EventCountry "CZE"]
[SourceTitle "EXT 2021"]
[Source "ChessBase"]
[SourceDate "2020.10.23"]
[SourceVersion "1"]
[SourceVersionDate "2020.10.23"]
[SourceQuality "1"]
[WhiteTeam "Expert"]
[BlackTeam "Reprezentace zen"]
[WhiteTeamCountry "CZE"]
[BlackTeamCountry "CZE"]

1. c4 e6 2. Nc3 d5 3. d4 Nf6 4. Bg5 Be7 5. e3 Nbd7 6. Qc2 h6 7. Bh4 c5 8. dxc5 dxc4 9. Bxc4 Nxc5 10. Rd1 Qa5 11. a3 Ncd7 12. Nf3 a6 13. 0-0 0-0 14. Ba2 Re8 15. e4 Qh5 16. Bg3 e5 17. Rd2 b5 18. Nd5 Bb7 19. Nxf6+ Nxf6 20. Nxe5 Bxe4 21. Qc7 Bg6 22. Nxg6 Qxg6 23. Re2 Bf8 24. Rxe8 Rxe8 25. Qc6 Re2 26. Bb1 Qg5 27. b4 Re6 28. Qc2 h5 29. Bc7 h4 30. h3 Qd5 31. Rc1 Qh5 32. Qf5 Qe2 33. Qc2 Qxc2 34. Bxc2 Nd5 35. Bb3 Nxc7 36. Bxe6 Nxe6 37. Rc6 Be7 38. Rxa6 Bf6 39. Ra8+ Kh7 40. Rb8 Bb2 41. Rxb5 Bxa3 42. Rh5+ Kg6 43. Rxh4 Kf6 44. Re4 Ke7 45. Kf1 Kd6 46. Ke2 Kd5 47. Kd3 Bb2 48. g3 g6 49. h4 Bd4 50. Re2 Bf6 51. Ra2 Bd4 52. Ra5+ Kc6 53. f4 Bb6 54. Ra2 f5 55. Kc4 Nd4 56. Ra8 Ne2 57. Rg8 Bf2 58. Rxg6+ Kc7 59. h5 Bxg3 60. Rxg3 Nxg3 61. h6 1-0